000 00690nam a2200265Ia 4500
005 20260302115651.0
008 008 260114s9999 xx 000 0 eng d
020 _a9798400612732
037 _aTextbook
040 _aCRL
040 _beng
040 _cCRL
041 _2eng
041 _aeng
084 _qCRL
100 _aRonald W. Vince
_91122271
245 0 _aAncient and Medieval Theatre A Historiographical Handbook
260 _bBloomsbury
260 _bGreenwood
260 _c1984
650 _aLiterary Studies
856 _uhttps://doi.org/10.5040/9798400612732?locatt=label:secondary_bloomsburyCollections
942 _cEBOOK
999 _c1687049
_d1687049